000 00214nam a2200121Ia 4500
100 _a#N/A
942 _cBK
654 _aSUSTAINABILITY
245 _aEconomic
260 _b#N/A
546 _aENGLISH
999 _c23559
_d23559